Statistics for Formula One Most Pole Positions by Season

Click here to take the quiz!

General Stats

  • This quiz has been taken 42 times
  • The average score is 71 of 83

Answer Stats

SeasonDriver% Correct
-Alain Prost
100%
1993Alain Prost
100%
1985Ayrton Senna
100%
1991Ayrton Senna
100%
1990Ayrton Senna
100%
1989Ayrton Senna
100%
1988Ayrton Senna
100%
1986Ayrton Senna
100%
1951Juan Manuel Fangio
100%
1950Juan Manuel Fangio
100%
1954Juan Manuel Fangio
100%
1957Juan Manuel Fangio
100%
1955Juan Manuel Fangio
100%
1956Juan Manuel Fangio
100%
-Lewis Hamilton
100%
2017Lewis Hamilton
100%
2016Lewis Hamilton
100%
2015Lewis Hamilton
100%
2012Lewis Hamilton
100%
2020Lewis Hamilton
100%
2018Lewis Hamilton
100%
2008Lewis Hamilton
100%
2007Lewis Hamilton
100%
2021Max Verstappen
100%
2001Michael Schumacher
100%
1994Michael Schumacher
100%
2000Michael Schumacher
100%
2004Michael Schumacher
100%
2003Michael Schumacher
100%
-Michael Schumacher
100%
2010Sebastian Vettel
100%
-Sebastian Vettel
100%
2011Sebastian Vettel
100%
2013Sebastian Vettel
100%
2019Charles Leclerc
97%
2022Charles Leclerc
97%
2006Fernando Alonso
97%
2005Fernando Alonso
97%
2014Nico Rosberg
97%
1997Jacques Villeneuve
95%
2009Jenson Button
95%
1995Damon Hill
92%
1996Damon Hill
92%
1961Phil Hill
92%
-Felipe Massa
89%
1999Mika Häkkinen
89%
1998Mika Häkkinen
89%
1971Jackie Stewart
87%
1970Jackie Stewart
87%
1984Nelson Piquet
87%
-Nelson Piquet
87%
1963Jim Clark
84%
1967Jim Clark
84%
1965Jim Clark
84%
1964Jim Clark
84%
1962Jim Clark
84%
1987Nigel Mansell
84%
1992Nigel Mansell
84%
1974Niki Lauda
84%
1975Niki Lauda
84%
1952Alberto Ascari
79%
1953Alberto Ascari
79%
1966Jack Brabham
79%
1976James Hunt
76%
1977Mario Andretti
76%
1978Mario Andretti
76%
1960Stirling Moss
74%
1959Stirling Moss
74%
1980Alan Jones
71%
1958Mike Hawthorn
68%
1969Jochen Rindt
63%
2002Juan Pablo Montoya
61%
-René Arnoux
53%
1981René Arnoux
53%
1983René Arnoux
53%
1982René Arnoux
53%
1972Jacky Ickx
50%
-Jacky Ickx
50%
1973Ronnie Peterson
50%
1979Jacques Laffite
42%
-Jean-Pierre Jabouille
24%
-Patrick Tambay
24%
1968Chris Amon
18%

Score Distribution

Percentile by Number Answered

Percent of People with Each Score

Your Score History

You have not taken this quiz